000 00428nam a2200145 i 4500
001 20641
003 ES-MaACL
007 t|
008 021115s1983 sp ||||1| spa d
100 1 _aAcosta Rubio, José.
_918319
245 1 0 _aEnergía solar
_b: utilización y aprovechamiento /
_cJosé Acosta Rubio.
260 _aMadrid :
_bParaninfo,
_c1983.
300 _a138 p. :
_bil. ;
_c22 cm.
852 _aES-MaACL
_jL-4821
_bR.105270
999 _c20641
_d20641